01789nam a22003017a 4500003000900000005001700009008003400026020001500060020001800075040002500093082002800118245010000146260008200246300003100328490001200359500002600371505070000397590002601097650002301123650002701146700003201173700003601205710001101241910004101252942001201293952016501305999001701470DO-SdBPM20250402110512.0161031b 2006 xx a 00| 0 spa d a1412738334 a9781412738330 aDO-SdBPMbspacBPMSU 4a808.068bL485u 200622210aLéeme un cuento de Winnie Pooh /cA. A. Milne ; traducción Ana Izquierdo, Arlette de Álba aLincolnwood, Illinois, Estados Unidos : bPublications Internacional, c2006. a318 p. : bil. ; c23 cm. 0 aDisney  aLibro de pasta dura. 2 aUn dulce riesgo. -- hogar, dulce hogar. -- La grandísima, rojísima y rebotadorísima pelota nueva. -- Piglet el magnífico. -- La pesadilla de Rito. -- El día no tan especial, muy especial. -- La verdadera familia de Tigger. -- El pajarillo azul. -- El asombrosos Winnie Pooh. -- Una aventura oscura. -- Un día feliz. -- Conejo y Winnie Pooh en una aventura campestre. -- El visitante nocturno. -- El tesoro de Tigger. -- Un oso confiable. -- Un desfile de patos y píos. -- El azadón perdido. -- A volar¿. -- El árbol de miel de Winnie Pooh. -- Piglet sueña con dormir. -- La olla de oro. -- El más grande temor de Tigger. -- Las cosas favoritas. -- Recordando a los amigos. aInventariado, 2025/VM 4aCuentos infantiles 4aHistorias de aventuras1 aIzquierdo, Anaetraductora 1 aÁlba, Arlette deetraductora 2 aDisney a VMateo V. Control de calidad. BPMSU 2ddccBK 00102ddc40708CI-GaBPMETbBPMETd2017-10-27eBiblioteca Juvenil e Infantil R. D.l0oBPMSU CGI 808.068 L485u 2006pBPMSU17100166r2017-10-27w2017-10-27yBK c12709d12709